[Event "Spring Chess Classic 2017-C"]
[Site "Saint Louis"]
[Date "2017.05.21"]
[Round "7"]
[White "Shimanov, Alex"]
[Black "Nyzhnyk, Illya"]
[Result "1/2-1/2"]
[WhiteElo "2642"]
[BlackElo "2610"]
[Annotator "TA"]
[PlyCount "60"]
[EventDate "2017.??.??"]
[EventType "tourn"]
[EventCountry "USA"]
[SourceTitle "playchess.com"]
[Source "ChessBase"]
[SourceQuality "1"]

{[%evp 10,60,43,48,27,27,31,25,32,28,49,0,0,0,0,0,0,0,0,-10,0,6,8,8,9,6,5,2,8,11,14,0,0,0,27,0,0,0,0,0,0,0,0,0,0,0,0,0,0,0,0,0,0]} 1. d4 d5 2. c4 e6 3. Nf3 Nf6 4. Nc3 Bb4 5. Qb3 Nc6 6. Bg5 a5 {E22: Nimzo-Indian: 4 Qb3} 7. a3 a4 8. Qc2 (8. Qa2 Bxc3+ 9. bxc3 Na5 10. e3 Nb3 11. Rd1 h6 12. Bxf6 Qxf6 13. cxd5 exd5 {0-1 (47) Krysa,L (2491)-Alonso Rosell,A (2537) Barcelona 2017}) 8... Bxc3+ {White has an edge.} 9. bxc3 Na5 $146 ({Predecessor:} 9... h6 10. Bh4 g5 11. Bg3 Ne4 12. e3 h5 13. h4 Nxg3 14. fxg3 {0-1 (72) Cerasi,U (2019)-Braeunlin,K (2145) Ditzingen 2014}) 10. Qxa4+ (10. e4 $5 dxe4 11. Bxf6 Qxf6 12. Qxe4 $11) 10... Bd7 11. Qb4 Nxc4 12. e3 Ra4 13. Qxb7 Nxa3 14. Rc1 Qa8 15. Qxa8+ $1 Rxa8 16. Nd2 O-O 17. c4 dxc4 18. Nxc4 Nxc4 19. Bxc4 Rfc8 20. Bd3 (20. Bxf6 $5 gxf6 21. d5 $11) 20... c5 21. dxc5 Ra5 (21... Ra3 $5 {[%cal Ra3d3]} 22. Bxf6 gxf6 $11) 22. Bxf6 gxf6 {The position is equal.} 23. O-O Raxc5 24. Rxc5 Rxc5 $11 {[%mdl 4096] Endgame KRB-KRB} 25. Be4 Bc6 26. Bxc6 Rxc6 27. g3 Kg7 28. Kg2 f5 29. Rd1 Rc2 30. Rd7 Kg6 {Precision: White = 78%, Black = 85%.} 1/2-1/2

[Event "Spring Chess Classic 2017-C"]
[Site "Saint Louis"]
[Date "2017.05.21"]
[Round "7"]
[White "Stukopin, Andrey"]
[Black "Li, Ruifeng"]
[Result "0-1"]
[WhiteElo "2586"]
[BlackElo "2574"]
[Annotator "TA"]
[PlyCount "74"]
[EventDate "2017.??.??"]
[EventType "tourn"]
[EventCountry "USA"]
[SourceTitle "playchess.com"]
[Source "ChessBase"]
[SourceQuality "1"]

{[%evp 20,74,14,8,13,9,38,20,28,22,28,34,20,28,68,68,68,63,63,57,70,47,21,13,562,577,562,547,530,96,90,90,92,92,85,-184,-208,-282,-269,-260,-208,-220,-202,-200,-144,-204,-154,-917,-910,-892,-862,-868,-894,-862,-813,-808,-787]} 1. e4 c5 2. Nf3 d6 3. d4 cxd4 4. Nxd4 Nf6 5. Nc3 a6 6. Be3 e5 7. Nb3 Be6 8. h3 {B90: Sicilian Najdorf: Unusual White 6th moves, 6 Be3 Ng4 and 6 Be3 e5} Be7 9. f4 Nc6 {[%cal Bb8c6,Bc6b4,Bb4c2][%mdl 32]} 10. f5 Bxb3 11. axb3 {LiveBook: 3 Games} Nb4 12. g3 d5 13. exd5 Qc7 14. d6 Bxd6 {Threatens to win with ...e4.} 15. Nb5 $1 {[%cal Rb5c7]} Nxc2+ {[#]} 16. Ke2 $146 axb5 17. Rxa8+ Ke7 18. Rxh8 Nxe3 19. Kxe3 Qc5+ $1 20. Ke2 Ne4 21. Qd3 Qf2+ $2 {[%mdl 8192]} (21... Nxg3+ $1 $11 {and Black stays safe.} 22. Kd2 (22. Qxg3 Qc2+ 23. Ke3 Bc5+ 24. Kf3 Qd1+ 25. Be2 Qxh1+ 26. Qg2 e4+ 27. Kg3 Bd6+ 28. Kf2 Bc5+ 29. Kg3 Bd6+ 30. Kf2 Bc5+ 31. Kg3 $11) 22... e4) 22. Kd1 $18 Nxg3 23. f6+ $1 gxf6 {[#]} 24. Qd5 $2 (24. Qxb5 $3 $18 {[%csl Gb5][%cal Rh8e8][%mdl 512]} f5 25. Qxb7+ Kf6 26. Bc4 (26. Rxh7 Qd4+ 27. Kc2 Qf2+ 28. Kd1 Qd4+ 29. Kc2 Qf2+ 30. Be2 Qxe2+ 31. Kb1 Qd3+ 32. Ka2 Nxh1 $16) 26... Nxh1 27. Qxf7+ Kg5 28. Qg7+ Kf4 29. Qh6+ Ke4 30. Qxd6 Qxb2 31. Bd5+ Ke3 32. Qc5+ Kd3 33. Qc4+ Ke3 34. Qc5+ Kd3 35. Qc4+ Ke3 36. Qc1+ Qxc1+ 37. Kxc1) 24... Nxf1 $16 25. Qxb7+ Ke6 {[%csl Gf1][%cal Rf2d2] [#]} 26. Qc8+ $1 ({But not} 26. Re8+ $6 Kf5 $11) 26... Kd5 {[%csl Gf1][%cal Rf2d2] [#]} 27. Qa8+ $2 {[%mdl 8192]} (27. Qc3 $1 $16 {[%cal Rc3d3] And now Qd3+ would win.} e4 28. Rd8) 27... Kd4 $19 {[%csl Gf1][%cal Rf2d2][%mdl 1024] Black has strong compensation.} 28. Qa7+ Bc5 {[%csl Gf1][%cal Rf2d2]} 29. Rd8+ ({Don't blunder} 29. Qd7+ $2 Ke3 $19) 29... Ke4 30. Qb7+ Kf4 31. Kc1 Qe1+ $40 {[%mdl 128] Black goes for the king.} 32. Kc2 f5 {( -> ...Ne3+)} 33. b4 $2 (33. Rxf1+ $17 Qxf1 34. Qxf7) 33... Ne3+ {Black is clearly winning.} 34. Kb3 Qxb4+ 35. Ka2 Qa5+ 36. Kb1 Qxd8 37. Qxb5 Qd5 {Precision: White = 48%, Black = 93%.} 0-1

[Event "Spring Chess Classic 2017-C"]
[Site "Saint Louis"]
[Date "2017.05.21"]
[Round "7"]
[White "Ramirez, Alejandro"]
[Black "Sevian, Samuel"]
[Result "1/2-1/2"]
[WhiteElo "2550"]
[BlackElo "2585"]
[Annotator "TA"]
[PlyCount "48"]
[EventDate "2017.??.??"]
[EventType "tourn"]
[EventCountry "USA"]
[SourceTitle "playchess.com"]
[Source "ChessBase"]
[SourceQuality "1"]

{[%evp 19,48,9,27,6,59,39,39,45,46,47,56,54,55,42,47,20,28,10,66,74,64,75,65,0,9,0,69,6,6,0,46]} 1. Nf3 d5 2. c4 e6 3. b3 Nf6 4. g3 Be7 5. Bg2 O-O 6. O-O a5 7. Nc3 b6 8. Bb2 Bb7 9. d4 Nbd7 10. Ne5 c6 11. e4 {E15: Queen's Indian: 4 g3 sidelines, 4 g3 Ba6 and 4 g3 Bb7 early deviations} Bb4 (11... Nxe4 $11 12. Nxe4 dxe4) 12. Nxd7 Nxd7 13. Qc2 $146 {White is slightly better.} ({Predecessor:} 13. Ne2 Be7 14. exd5 {½-½ (14) Lechtynsky,J (2407)-Kalod,R (2483) Czechia 2000}) 13... Rc8 14. Rfd1 Be7 15. Rac1 dxe4 16. Nxe4 Nf6 17. Nxf6+ (17. Ng5 $5 {[%cal Rd4d5]} h6 18. Ne4 $14) 17... Bxf6 18. c5 Ba6 ({Black should try} 18... b5 $11) 19. cxb6 $14 Qxb6 20. Qc5 ({Not} 20. Bxc6 $2 Bb7 $19) 20... Qb5 21. Qa7 (21. Bxc6 $14 Qe2 22. Qc2) 21... Ra8 $1 $11 {[%cal Ra8a7]} 22. Qc5 (22. Qc7 $11 Rfc8 23. Qd6) 22... Rac8 $1 $14 23. Bf1 (23. Bxc6 $14 Qe2 24. Qc2) 23... Qb7 $11 24. Bg2 ({Of course not} 24. Qxa5 Bxf1 25. Rxf1 Ra8 $15) 24... Qb5 {Precision: White = 39%, Black = 62%.} 1/2-1/2

[Event "Spring Chess Classic 2017-C"]
[Site "Saint Louis"]
[Date "2017.05.22"]
[Round "8"]
[White "Nyzhnyk, Illya"]
[Black "Ramirez, Alejandro"]
[Result "0-1"]
[WhiteElo "2610"]
[BlackElo "2550"]
[Annotator "TA"]
[PlyCount "88"]
[EventDate "2017.??.??"]
[EventType "tourn"]
[EventCountry "USA"]
[SourceTitle "playchess.com"]
[Source "ChessBase"]
[SourceQuality "1"]

{[%evp 9,88,0,0,-7,-1,-14,-10,-27,-3,-14,-8,-7,0,-30,-23,-23,0,0,-5,-18,-14,-25,0,-56,-55,-116,-75,-87,-80,-89,-74,-154,-145,-147,-162,-160,-154,-188,-180,-210,-199,-193,-193,-220,-234,-223,-221,-216,-190,-232,-210,-212,-190,-191,-152,-170,-162,-181,-145,-191,-175,-187,-181,-183,-78,-83,0,-179,-181,-181,-180,-210,-198,-246,-247,-242,-234,-310,-316,-468,-413]} 1. g3 d5 2. Nf3 g6 3. Bg2 Bg7 4. O-O e5 5. d3 Nc6 6. c3 {A07: Réti Opening: New York and Capablanca Systems} (6. e4 dxe4 7. dxe4 Qxd1 8. Rxd1 Bg4 9. Be3 Nd4 10. Bxd4 exd4 11. Na3 O-O-O 12. h3 Bxf3 13. Bxf3 Ne7 14. Nc4 {0-1 (35) Caruana,F (2829)-Anand,V (2793) London 2014}) 6... Nge7 7. Qc2 a5 8. a4 {The position is equal.} O-O 9. e4 h6 10. Na3 Be6 11. Re1 Re8 $146 ({Predecessor:} 11... Qd7 12. Nd2 Rad8 13. exd5 Bxd5 {0-1 (33) Tringov,G (2365)-Lazic,M (2455) Skopje 1998}) 12. Nb5 Qd7 13. b3 Rac8 14. Ba3 d4 15. cxd4 exd4 16. Rec1 (16. Nd2 $11) 16... g5 $15 {[%cal Bg6g5,Bg5g4][%mdl 32]} 17. Qd1 (17. Nd2 $15) 17... g4 18. Ne1 Nb4 19. Bb2 Nec6 20. Na3 (20. Rc5 $142) 20... f5 $1 $17 21. exf5 Bxf5 22. Nc4 Bf6 23. Bxc6 Nxc6 24. Ba3 Re6 25. Ng2 Bg5 $1 26. Rc2 Rce8 $1 27. Qf1 Qh7 28. Rd1 Bg6 29. Rb2 Qf7 30. Rbb1 Qf3 31. Ne1 Qe2 32. Qxe2 Rxe2 33. Kf1 Kf7 34. Ra1 Bf5 35. Bb2 h5 36. Ng2 Rc2 (36... Nb4 $1 $19 {is more deadly.} 37. Bxd4 Bxd3) 37. Ne1 {[#]} Rce2 (37... Rxe1+ $1 $17 38. Kxe1 Ke6) 38. Ng2 $1 $19 {[#]} Nb4 $1 $36 {[%mdl 2048] Black has strong initiative.} 39. Bxd4 {And now Nce3 would win.} Bxd3 {[%csl Ge8][%cal Re2e1]} 40. Kg1 Bc2 {...Rd8 is the strong threat.} 41. Re1 Rxe1+ 42. Nxe1 Bxb3 43. Nxa5 Bd5 44. Bc3 (44. f4 $142 Bf6 45. Bxf6 Kxf6 46. Rb1) 44... Bf6 {Precision: White = 54%, Black = 74%.} 0-1

[Event "Spring Chess Classic 2017-C"]
[Site "Saint Louis"]
[Date "2017.05.22"]
[Round "8"]
[White "Sevian, Samuel"]
[Black "Stukopin, Andrey"]
[Result "0-1"]
[WhiteElo "2585"]
[BlackElo "2586"]
[Annotator "TA"]
[PlyCount "120"]
[EventDate "2017.??.??"]
[EventType "tourn"]
[EventCountry "USA"]
[SourceTitle "playchess.com"]
[Source "ChessBase"]
[SourceQuality "1"]

{[%evp 21,120,27,31,10,15,7,71,34,37,45,66,-13,34,-28,0,-45,-56,-71,-73,-72,-72,-80,-91,-80,-71,-69,-71,-162,-179,-180,-156,-175,-169,-173,-181,-178,-178,-166,-162,-241,-241,-282,-252,-284,-286,-238,-268,-341,-235,-248,-230,-222,-164,-553,-368,-368,-368,-368,-367,-367,-367,-367,-367,-367,-221,-746,-740,-735,-727,-702,-679,-665,-670,-670,-651,-644,-617,-598,-551,-493,-466,-700,-676,-12845,-12846,-12846,-12847,-12850,-12847,-12849,-12847,-12847,-12847,-12850,-12849,-12850,-12849,-12850,-12849,-12850,-29981]} 1. e4 c5 2. Nf3 Nc6 3. d4 cxd4 4. Nxd4 Nf6 5. Nc3 d6 {[%cal Bd7d6,Bd6d5][%mdl 32]} 6. Bg5 e6 7. Qd2 a6 8. O-O-O h6 9. Nxc6 bxc6 10. Bf4 d5 11. Qe3 Bb4 12. Be2 {B66: Sicilian: Richter-Rauzer: 7...a6 8 0-0-0 h6} O-O 13. e5 Nh7 (13... Nd7 $11) (13... Nd7 14. h4 c5 15. Bxh6 gxh6 16. Qxh6 Nxe5 17. Rh3 Bxc3 18. bxc3 Ra7 19. Rg3+ Ng6 20. h5 Qh4 21. Rg4 Qh2 22. Bd3 {1-0 (22) Karjakin,S (2785)-Ivanchuk,V (2747) Doha 2016}) 14. h4 {White is better.} (14. Ne4 $5) 14... Qa5 15. Rh3 Rb8 16. Rg3 ({Better is} 16. Bxh6 $1 $14 Rb7 17. Rg3) 16... Rb7 (16... Bc5 $5 {[%cal Rc5e3]} 17. Qf3 Rb7 $11) 17. Bd3 (17. Bxh6 $1 $14 f6 18. Rd4) 17... Bc5 {[#]} 18. Qf3 $146 ({Predecessor:} 18. Bxh7+ Kxh7 19. Qd3+ Kh8 {0-1 (55) Pruijssers,R (2539)-Stukopin,A (2509) Groningen 2013}) 18... f5 {[#] aiming for ...Rxb2!} 19. exf6 Nxf6 {Strongly threatening ...Qb4.} 20. Be5 Ne4 21. Qg4 Nxg3 22. Qxg3 Qb4 (22... Bxf2 23. Qg6 $16) 23. Ne2 Rxf2 24. Bxa6 {[#]} (24. a3 $17 {was necessary.} Qb6 25. Qg6) 24... Qe4 $1 $19 25. Bxb7 {[%csl Ge5][%cal Rg3g7]} Be3+ 26. Kb1 {[%csl Ge5][%cal Rg3g7]} Rxg2 $40 {[%mdl 128] White is in trouble.} 27. Bxc8 Rxg3 28. Bxg3 Qg4 29. Ba6 c5 {[%cal Bc6c5,Bc5c4][%mdl 32] And now ...c4 would win.} 30. a3 (30. Be5 $142) 30... c4 31. Bc8 Kf7 ({Not} 31... Qxe2 32. Bxe6+ Kh7 33. Rxd5 $15) 32. Rxd5 Qxe2 33. Rd7+ Ke8 34. Bd6 Qd1+ 35. Ka2 Qxc2 36. Rb7 Qd3 37. Be5 $2 (37. Bd7+ {nothing else works.} Kd8 38. Bb4) 37... Bd4 38. Bxd4 Qxd4 39. Bxe6 {[%mdl 4096] Endgame KQ-KRB} c3 40. bxc3 Qxc3 41. Bg8 Kf8 42. Rb8+ Ke7 43. Rb7+ $2 (43. Rb2) 43... Kd6 {Black is clearly winning.} 44. Rb6+ Kc5 45. Rb2 Qh3 46. Rb4 Qg2+ 47. Rb2 Qe4 48. Rb4 Qe2+ 49. Rb2 Qe1 50. Rc2+ Kd6 51. Rg2 (51. Rh2 $142 g5 52. hxg5 hxg5 53. Rh6+ Kc5 54. Rh2) 51... Qxh4 52. Rxg7 Qf2+ 53. Kb3 Qe3+ 54. Kc2 Qe4+ 55. Kc1 Qf4+ 56. Kc2 Qf5+ 57. Kd2 Qf6 58. Rh7 Qg6 59. Kc3 h5 60. Kd4 Qxg8 {Precision: White = 44%, Black = 77%.} 0-1

[Event "Spring Chess Classic 2017-C"]
[Site "Saint Louis"]
[Date "2017.05.22"]
[Round "8"]
[White "Li, Ruifeng"]
[Black "Shimanov, Alex"]
[Result "1/2-1/2"]
[WhiteElo "2574"]
[BlackElo "2642"]
[Annotator "TA"]
[PlyCount "60"]
[EventDate "2017.??.??"]
[EventType "tourn"]
[EventCountry "USA"]
[SourceTitle "playchess.com"]
[Source "ChessBase"]
[SourceQuality "1"]

{[%evp 11,60,9,7,0,0,6,0,-8,-8,-8,-2,-8,-10,-10,-6,-20,-4,-24,-20,-47,-11,-8,-7,-25,-20,-15,-10,-25,-25,-37,-4,-4,-4,-5,-8,-61,-52,-48,-48,-48,-48,-49,-48,-62,-64,-37,0,0,0,0,0]} 1. e4 c6 2. d4 d5 3. exd5 cxd5 4. c4 Nf6 5. Nc3 Nc6 6. Nf3 Bg4 7. Bg5 {B13: Caro-Kann: Exchange Variation and Panov-Botvinnik Attack} (7. cxd5 Nxd5 8. Qb3 Bxf3 9. gxf3 e6 10. Qxb7 Nxd4 11. Bb5+ Nxb5 12. Qc6+ Ke7 13. Qc5+ Ke8 14. Qxb5+ Qd7 15. Nxd5 exd5 16. Qb3 Bd6 17. O-O Rb8 18. Qe3+ Kf8 19. Rd1 Qh3 {0-1 (19) Riazantsev,A (2671)-Jakovenko,D (2709) Sharjah 2017}) 7... Qa5 8. Bxf6 exf6 9. Be2 dxc4 {next ...0-0-0 is good for Black.} 10. Nd2 Be6 11. Nxc4 Bxc4 12. Bxc4 O-O-O 13. O-O $146 ({Predecessor:} 13. d5 Ne5 14. O-O Nxc4 15. Qg4+ Kb8 16. Qxc4 Bd6 17. Ne4 {½-½ (17) Enescu,C (2367)-Halliwell,T (2330) ICCF email 2013}) 13... Nxd4 14. Bxf7 Kb8 15. Qd3 Nc6 16. Qg3+ Qe5 17. Rad1 Qxg3 18. hxg3 Bc5 19. Bc4 Ne5 20. Bd5 Rd7 21. Be4 Rxd1 22. Rxd1 Re8 23. Na4 (23. Rd5 $11 Bb6 24. Kf1) 23... Bxf2+ $1 $15 24. Kxf2 Ng4+ 25. Kf3 Rxe4 26. Rd8+ Kc7 27. Kxe4 Kxd8 28. Nc5 g6 29. Nxb7+ Kc7 30. Nc5 Kd6 {Precision: White = 44%, Black = 72%.} 1/2-1/2

[Event "Spring Chess Classic 2017-C"]
[Site "Saint Louis"]
[Date "2017.05.23"]
[Round "9"]
[White "Shimanov, Alex"]
[Black "Sevian, Samuel"]
[Result "1/2-1/2"]
[WhiteElo "2642"]
[BlackElo "2585"]
[Annotator "TA"]
[PlyCount "152"]
[EventDate "2017.??.??"]
[EventType "tourn"]
[EventCountry "USA"]
[SourceTitle "playchess.com"]
[Source "ChessBase"]
[SourceQuality "1"]

{[%evp 21,152,3,8,12,14,8,17,7,9,-15,-14,-44,0,0,0,-33,-25,-67,-68,-67,-74,-69,-52,-81,-66,-70,-31,-64,-81,-78,-32,-33,-26,-42,-38,-40,-31,-31,-11,-58,-40,-57,-46,-82,-64,-114,-120,-126,0,-88,-71,-81,-81,-74,-30,-115,-122,-108,-110,-106,-109,-140,-140,-142,-145,-141,-107,-105,-126,-142,-145,-150,-135,-181,-194,-156,-12,-15,-31,-21,-8,-62,-61,-64,-64,-64,-64,-65,-65,-65,-65,-65,-65,-65,-65,-65,-65,-65,-65,-65,-8,-65,-8,-8,-8,-8,-8,-8,-8,-8,-8,-8,-8,-8,-8,-8,-8,-8,-8,-8,-8,-8,-8,-8,-8,-8,-8,-8,-8,-8,-8,-8,0]} 1. c4 e5 2. g3 Nf6 3. Bg2 d5 4. cxd5 Nxd5 5. Nc3 Nb6 6. Nf3 Nc6 7. a3 Be7 8. b4 Be6 9. O-O O-O 10. Rb1 f6 11. b5 {A29: English Opening: Four Knights Variation with 4 g3} (11. d3 a5 12. b5 Nd4 13. Nd2 Qc8 14. e3 Nf5 15. Qc2 a4 16. Rd1 Nd6 17. Nde4 Nxe4 18. Nxe4 Bd5 19. Nc5 Bxg2 20. Kxg2 Bxc5 21. Qxc5 {½-½ (85) Svidler,P (2757)-Giri,A (2793) Moscow 2016}) 11... Nd4 {LiveBook: 5 Games} 12. e3 Nxf3+ 13. Bxf3 $146 ({Predecessor:} 13. Qxf3 Rb8 14. d4 Qd7 15. Qd1 Rfd8 16. dxe5 Qxd1 17. Rxd1 Rxd1+ 18. Nxd1 {0-1 (46) Hocevar,N (2169)-Arkhangelsky,B (2416) Saint Vincent 2001}) 13... Qc8 14. Qc2 Rd8 {[%cal Bf8d8,Bd8d4,Bd4c4][%mdl 32]} 15. d4 Bf5 16. Qb3+ Be6 17. Qc2 Bf5 $36 {[%mdl 2048] Black is pushing.} 18. Ne4 exd4 {Strongly threatening ...d3.} 19. exd4 Rxd4 20. Bb2 Rc4 21. Qe2 Qe6 {[%cal Rf5e4]} 22. Rfe1 $1 Re8 23. Rbd1 Kf8 24. Nc3 Qxe2 25. Rxe2 Bd6 26. Rxe8+ Kxe8 27. Re1+ Kf8 28. Bxb7 Be5 29. Rc1 $1 Bd7 30. Ba6 Kf7 31. Kf1 g5 32. Ke2 Kg6 33. Kd2 Rd4+ 34. Ke1 Rc4 35. Kd2 $1 Rc5 36. Ke2 h5 37. f3 Bxc3 (37... Rc4 {seems wilder.} 38. Bb7 f5 39. Kf2 h4 40. Kg2 hxg3 41. hxg3 Rc5) 38. Rxc3 (38. Bxc3 $11 {keeps the balance.} Nd5 39. Bd2 Bxb5+ 40. Bxb5 Rxb5 41. a4) 38... Bxb5+ $17 39. Bxb5 Rxb5 {[%mdl 4096] Endgame KRB-KRN} 40. Bc1 c5 {[%cal Bc7c5,Bc5c4,Bc4c3,Bc3c2][%mdl 32]} 41. h3 c4 42. Rc2 Rb3 43. Be3 c3 44. Bc5 Nc4 45. a4 Na3 46. Rc1 a5 47. Kd3 c2+ 48. Ke2 g4 (48... Kf5 $17 {White should prevent ...Ke5.} 49. Bxa3 Rxa3 50. Rxc2 Rxa4) 49. hxg4 $11 hxg4 50. fxg4 Rxg3 (50... Kg5 {feels hotter.} 51. Kd2 Kxg4 52. Rf1 f5 53. Bd6 Kg5) 51. Bxa3 (51. Kd2 $11) 51... Rxa3 $15 52. Rxc2 Rxa4 $11 {KR-KR} 53. Rc5 Ra1 {And now ...a4 would win.} 54. Kf2 Ra3 55. Kg2 a4 56. Ra5 Ra1 57. Kh2 a3 {Threatens to win with ...Kh7.} 58. Kg2 Kf7 {[#] Hoping for ...a2.} 59. Ra6 Ke7 {White must now prevent ...a2.} 60. Kh2 a2 (60... Ra2+ $1 $15 61. Kg3 Ra1) 61. Kg2 (61. Ra7+ $1 $11 Kd6 62. Ra5) 61... Kd7 (61... Kf7 $15 62. Ra5 Ke6) 62. Kh2 {The position is equal.} Kc7 {...Kb7 is the strong threat.} 63. g5 Kb7 64. Ra3 fxg5 65. Kg2 Kb6 66. Ra8 Kb5 67. Rb8+ Kc4 68. Rc8+ Kd4 69. Rd8+ Ke3 70. Re8+ Kf4 71. Rf8+ Kg4 72. Ra8 Kh5 73. Rh8+ Kg6 {( -> ...Rg1+!)} 74. Rg8+ Kf7 75. Ra8 g4 76. Ra6 {[#]} g3 $1 {Precision: White = 62%, Black = 54%.} 1/2-1/2

[Event "Spring Chess Classic 2017-C"]
[Site "Saint Louis"]
[Date "2017.05.23"]
[Round "9"]
[White "Stukopin, Andrey"]
[Black "Ramirez, Alejandro"]
[Result "1/2-1/2"]
[WhiteElo "2586"]
[BlackElo "2550"]
[Annotator "TA"]
[PlyCount "117"]
[EventDate "2017.??.??"]
[EventType "tourn"]
[EventCountry "USA"]
[SourceTitle "playchess.com"]
[Source "ChessBase"]
[SourceQuality "1"]

{[%evp 31,117,0,4,0,66,66,62,72,101,66,58,42,45,52,113,122,103,95,132,55,43,32,35,0,0,-10,-10,-10,-6,0,0,-2,0,0,8,8,8,8,8,4,7,8,8,8,8,0,35,39,48,8,8,8,8,8,8,8,8,8,8,8,16,16,15,10,20,8,10,8,16,8,8,8,8,8,8,8,8,8,8,8,8,8,8,3,8,8,8,8]} 1. e4 c5 2. Nc3 Nc6 3. Nf3 e6 4. d4 cxd4 5. Nxd4 Qc7 6. Be3 a6 7. Be2 Nf6 8. O-O Be7 9. f4 d6 10. Kh1 O-O 11. Qe1 Nxd4 12. Bxd4 b5 13. a3 Bb7 14. Qg3 Rad8 15. Rae1 Bc6 16. Bd3 {B85: Sicilian Scheveningen: 6 Be2 a6, lines with early Be3} Qd7 {[#] LiveBook: 8 Games} 17. Rf3 $146 ({Predecessor:} 17. Ne2 g6 18. Qe3 Ng4 19. Qg3 Nf6 20. Qf3 Ne8 21. Qe3 Bf6 22. Bxf6 Nxf6 23. Nd4 Bb7 {½-½ (58) Dragun,K (2594)-Grachev,B (2639) Moscow 2016}) 17... g6 (17... Nh5 $11 18. Qg4 Nf6) 18. f5 $1 $14 {White is slightly better.} exf5 19. Rxf5 (19. exf5 Nh5 $15) 19... Ne8 20. a4 {[%cal Ra4b5]} Ng7 21. axb5 axb5 22. b4 Rde8 (22... Nxf5 $2 {too greedy.} 23. exf5 d5 24. fxg6 $16 (24. Qe5 f6 $11)) (22... Ne6 $14 23. Bg1 (23. Nxb5 $2 Rb8 $19) 23... Rb8) 23. Bxg7 $16 Kxg7 24. Bxb5 Bxb5 25. Rxb5 (25. Nxb5 $16 Qc6 26. c3) 25... Bf6 26. Qd3 Be5 $1 27. Rd5 Qg4 28. Nb5 (28. Rb1 {with more complications.} f5 29. exf5 Rxf5 30. h3 Qf4 31. g3) 28... Bxh2 $1 29. Qh3 $1 {[%cal Rh3g4]} ({Avoid the trap} 29. Nxd6 $2 Qh4 $19) 29... Qxh3 30. gxh3 Bg3 31. Re2 Rb8 32. c3 Rfc8 33. Re3 Be5 34. Nxd6 Rxc3 35. Rxc3 Bxc3 $11 {[%mdl 4096] Endgame KRB-KRN} 36. b5 Kf8 37. Kg2 Ke7 {[#]} 38. b6 $1 {[%mdl 512]} f5 (38... Ba5 $5 {[%cal Ra5b6]}) (38... Rxb6 39. Nc8+) 39. exf5 gxf5 40. Nxf5+ Ke6 {The position is equal.} 41. Rb5 Kd7 42. Ne3 {Threatening Rc5.} Kc6 43. Rh5 Bd4 44. Rh6+ (44. Nc2 $5 {[%cal Rc2d4]} Bc5 45. Rxh7 $14) 44... Kc5 45. Nf5 Ba1 46. Rxh7 Rxb6 47. Kf3 Bf6 48. Rd7 Rb4 49. Ng3 {[#] Hoping for Ne4+.} Kc6 50. Rf7 Be5 51. Ne4 Kd5 52. Ng5 Kd6 53. Rf5 Bb2 54. Ra5 Ke7 55. Ne4 Kf7 56. Kf4 Kg6 57. Ra6+ Kg7 58. h4 Bc1+ 59. Kf5 {Precision: White = 73%, Black = 77%.} 1/2-1/2

[Event "Spring Chess Classic 2017-C"]
[Site "Saint Louis"]
[Date "2017.05.23"]
[Round "9"]
[White "Li, Ruifeng"]
[Black "Nyzhnyk, Illya"]
[Result "1/2-1/2"]
[WhiteElo "2574"]
[BlackElo "2610"]
[Annotator "TA"]
[PlyCount "65"]
[EventDate "2017.??.??"]
[EventType "tourn"]
[EventCountry "USA"]
[SourceTitle "playchess.com"]
[Source "ChessBase"]
[SourceQuality "1"]

{[%evp 13,65,-8,14,5,32,28,57,47,47,52,57,66,136,136,165,149,139,128,140,63,68,59,55,55,67,88,160,165,183,134,314,308,320,7,18,0,0,0,0,0,0,0,0,0,0,0,0,0,-24,-18,0,0,0,-32]} 1. e4 e6 2. d4 d5 3. Nc3 {[%cal Bb1c3,Bc3e2,Be2d4][%mdl 32]} Nf6 4. e5 Nfd7 5. Nce2 c5 6. c3 Nc6 7. Nf3 Qa5 {LiveBook: 19 Games. C11: French: Classical System: 4 e5 and 4 Bg5 dxe4} 8. Bf4 (8. a3 cxd4 9. b4 Qc7 10. cxd4 b5 11. Nf4 Qb6 12. Rb1 a5 13. bxa5 Rxa5 14. Bd3 Ba6 15. O-O Bxa3 {0-1 (40) Robson,R (2668)-Caruana,F (2817) Saint Louis 2017}) 8... cxd4 $146 ({Predecessor:} 8... Be7 9. dxc5 Bxc5 10. b4 Bxb4 11. cxb4 Nxb4 12. Nc3 Nc5 13. Bb5+ Nc6 14. Bd2 O-O 15. Rc1 Nb4 16. O-O Nxa2 17. Na4 Qxb5 18. Rxc5 Qd3 19. Qc2 {1-0 (19) Milov,L (2480)-Wirschell,T (2380) Berlin 1993}) 9. Nexd4 Be7 {White has an edge.} 10. Bd3 Qb6 11. Rb1 Nc5 12. Bc2 f5 (12... Nxd4 $14 13. Nxd4 (13. cxd4 Ne4 $11) 13... Qa6) 13. exf6 $1 $16 gxf6 14. O-O e5 15. Nxc6 Qxc6 16. Bxe5 (16. Nxe5 $16 fxe5 17. Qh5+ (17. Bxe5 O-O $17) 17... Kd8 18. Bxe5) 16... fxe5 $14 17. Nxe5 Qf6 18. Qh5+ {[%mdl 1024] White has compensation.} Kf8 19. Rbe1 Ne6 {[#]} ({Black should try} 19... Rg8) 20. f4 $1 $16 {[%cal Bf2f4,Bf4f5][%mdl 32]} (20. Ng4 Qg5 $11) 20... Nc5 (20... Nxf4 21. Rxf4 Qxf4 22. Ng6+ Kg7 23. Rxe7+ Kf6 24. Nxf4 Kxe7 25. Qe5+ Kf7 26. Qxd5+ Ke7 27. Qe5+ Kf7 28. Bb3+ Be6 29. Qxe6+ Kg7 30. Qf7+ Kh6 31. Qf6#) 21. f5 Ne4 $2 (21... Bd7 $16 {was necessary.}) 22. Bxe4 $18 Qxe5 23. Bxd5 $2 ({Better is} 23. Bd3 $18 Qf6 24. Bb5) 23... Qxd5 $11 24. Qh6+ Kf7 $1 25. f6 (25. Rxe7+ $5 Kxe7 26. Qg7+ Kd6 27. Qxh8 $11) 25... Qc5+ $1 ({But not} 25... Bc5+ $2 26. Kh1 $18) 26. Kh1 Bf8 {[#]} 27. Re7+ $1 {[%mdl 512]} Bxe7 28. Qg7+ Ke6 29. b4 Qd6 {White must now prevent ...Kd7.} ({Worse is} 29... Qxc3 30. Qxe7+ Kd5 31. Rd1+ Qd4 32. Qc5+ Ke6 33. Rxd4 Kf7 34. Qe7+ Kg6 35. Qg7+ Kf5 36. g4+ Ke5 37. f7+ Ke6 38. g5 Ke7 39. Qf6+ Kf8 40. Rd8#) 30. Qg4+ Kf7 31. Qg7+ Ke6 {aiming for ...Kd7.} 32. Qg4+ Kf7 33. Qg7+ {Precision: White = 54%, Black = 40%.} 1/2-1/2